Influencia de la condición socio-económica de los padres en el rendimiento de los alumnos del primer ano universitario (región capital). volumen III : la universidad católica Andrés Bello : tomo I.

Guardat en:
Dades bibliogràfiques
Autor principal: Mosquera de Arnal, Mercedes J. coord, (autor)
Altres autors: Yarnoz de Rodríguez A., María Carmen, colab colab (autor) colab, (autor)
Format: Llibre
Idioma:espanyol
Matèries:
Etiquetes: Afegir etiqueta
Sense etiquetes, Sigues el primer a etiquetar aquest registre!

MARC

LEADER 00000cam^a2200000uu^4500
001 000460808
005 20250521000000.0
008 050901s1976^^^^^^^^^^^^rd^r^^000^0^spa^d
009 20260310124207.043
035 |a FCE 000003299 
035 |a FCE 013202 
037 |a Acervo ITESO - Biblioteca 
041 |a spa 
082 0 4 |a 378.16  |b MOSi v.3 
100 |a Mosquera de Arnal, Mercedes J.,  |e coord  |e (autor) 
245 1 0 |a Influencia de la condición socio-económica de los padres en el rendimiento de los alumnos del primer ano universitario (región capital). volumen III :  |b la universidad católica Andrés Bello : tomo I. 
264 |a Caracas :  |b Universidad Simon Bolivar : Instituto de Investigaciones Educativas,  |c 1976. 
300 |a 3 v. 
336 |a texto  |b txt  |2 rdacontenido 
337 |a sin mediación  |b n  |2 rdamedio 
338 |a volumen  |b nc  |2 rdasoporte 
649 |a XX 
650 |a Educación superior 
650 |a Estudiantes 
650 |a Estructura social 
650 |a Condición socioeconómica 
650 |a Rendimiento del alumno 
650 |a Venezuela 
700 |a Yarnoz de Rodríguez A., María Carmen, colab  |e colab  |e (autor) 
910 |a Fondo Centro de Estudios Educativos 
920 |a Impresos - Libros 
930 |a Fondos Especiales 
905 |a 133 
901 |a ALE013202  |b IT2  |c CEE  |u 20250521 
902 |a https://opac.biblio.iteso.mx/vufind/Record/000460808